Biología : los organismos vivientes y su ambiente /
Guardado en:
| Autor Principal: | |
|---|---|
| Formato: | Libro |
| Publicado: |
Buenos Aires :
El Ateneo,
1980
|
| Edición: | 6a. ed. |
| Materias: | |
| Etiquetas: |
Agregar Etiqueta
Sin Etiquetas, Sea el primero en etiquetar este registro!
|
| LEADER | 00631nam a22001935a 4500 | ||
|---|---|---|---|
| 001 | CEM.cems006461 | ||
| 005 | 20060214000000.0 | ||
| 008 | 130507s1980##################000#0#####d | ||
| 003 | CEMS | ||
| 082 | 0 | 4 | |a 574 |
| 100 | 1 | |a Vattuone, Lucy F De | |
| 245 | 1 | 0 | |a Biología : |b los organismos vivientes y su ambiente / |
| 250 | |a 6a. ed. | ||
| 260 | |a Buenos Aires : |b El Ateneo, |c 1980 | ||
| 300 | |a 291 p. | ||
| 653 | |a Biología | ||
| 859 | |a CEMS |b BIB. CEMS - 11 de abril |h 574 |i V459a6/I |p 11462.82 |t Ej.2 | ||
| 859 | |a CEMS |b BIB. CEMS - 11 de abril |h 574 |i V459a6/I |p 14663.87 |t Ej.3 | ||
| 859 | |a CEMS |b BIB. CEMS - 11 de abril |h 574 |i V459a6/I |p 8901.81 |t Ej.1 | ||
